Pragmatism in the face of present economic outlook.

Bibliographic Details
Corporate Author: Malaysian Institute of Economic Research (MIER)
Format: Book
Published: Kuala Lumpur: Malaysian Institute of Economic Research (MIER), 2012.
Subjects:
LEADER 00505cam a2200145 7i4500
001 0000030092
005 20130909090000.0
090 0 0 |a I 338.5443   |b MAL 
110 2 0 |a Malaysian Institute of Economic Research (MIER) 
245 2 0 |a Pragmatism in the face of present economic outlook. 
260 0 0 |a Kuala Lumpur:   |b Malaysian Institute of Economic Research (MIER),   |c 2012. 
300 # # |a [v.p]. 
650 0 0 |a Economic condition  
650 0 0 |a Economic governance  
999 |a 0000032339  |b Book  |c International  |e Business Information Centre